000 00286nam a2200109Ia 4500
008 220204s9999 xx 000 0 und d
082 _a534
_bHAN
245 0 _aHandbook of noise and vibration control
250 _aEd.3
260 _aEngland
_bTrade and technical press
_c1979
942 _cBK
999 _c31999
_d31999